Heat transfer reviews, 1970-1975 /

Guardado en:
Otros Autores: Eckert, E. R. G. 1904-, (Editor , ed.), Irvine, Thomas F. (Editor , ed.)
Formato: Libro
Idioma:English
Publicado: Chicago : Oxford : Rumford Pub. Co. ; Pergamon Press, c1977.
Series:Progress in heat and mass transfer ; v. 8
Materias:
Etiquetas: Agregar Etiqueta
Sin Etiquetas, Sea el primero en etiquetar este registro!
LEADER 01084cam a22002655a 4500
001 EIQ.libpla000521
008 770330s1977####enka#####b####001#0#eng#d
005 20080528182944.0
245 0 0 |a Heat transfer reviews, 1970-1975 /  |c edited by E. R. G. Eckert, Thomas F. Irvine, Jr. 
260 |a Chicago :  |b Rumford Pub. Co. ;  |a Oxford :  |b Pergamon Press,  |c c1977. 
300 |a vii, 321 p. :  |b il. ;  |c 27 cm. 
440 0 |a Progress in heat and mass transfer ;  |v v. 8 
500 |a "Monograph series of the International journal of heat and mass transfer.". 
504 |a Incluye referencias bibliográficas e índices. 
020 |a 0080217370 
700 1 |a Eckert, E. R. G.  |q (Ernst Rudolf Georg),  |d 1904-,  |e ed.  |4 edt 
700 1 |a Irvine, Thomas F.  |q (Thomas Francis),  |e ed.  |4 edt 
082 0 0 |a 536/.2/008 s  |a 536/.2/008 
650 4 |a Calor  |x Transferencia. 
650 4 |a Transferencia de calor  |x Revisiones. 
650 0 |a Heat  |x Transfer. 
650 4 |a Heat transfer  |x Review. 
010 |a  77005522  
040 |a DLC  |c DLC  |d AR-BbSID 
859 |a AR-BbSID  |b BIB. PLAPIQUI  |h 536.2  |i P 94  |p 5825  |v Vol. 8  |3 Vol. 8